Responsabilidad civil médica: (Record no. 1213)
[ view plain ]
| 000 -LEADER | |
|---|---|
| campo de control de longitud fija | 00949nam a22002897a 4500 |
| 001 - NÚMERO DE CONTROL | |
| campo de control | 004333 |
| 003 - IDENTIFICADOR DE NÚMERO DE CONTROL | |
| campo de control | CoMeUDC004333 |
| 005 - FECHA Y HORA DE LA ÚLTIMA TRANSACCIÓN | |
| campo de control | 20211105165822.0 |
| 008 - DATOS DE LONGITUD FIJA--INFORMACIÓN GENERAL | |
| campo de control de longitud fija | 140804s2014 ck gr 00010 spa d |
| 020 ## - NÚMERO INTERNACIONAL ESTÁNDAR DEL LIBRO | |
| Número Internacional Estándar del Libro | 9789588757490 |
| 040 ## - FUENTE DE CATALOGACIÓN | |
| Centro catalogador/agencia de origen | CO-BoBLA |
| Lengua de catalogación | spa |
| Centro/agencia transcriptor | CoMeUDC |
| 043 ## - CÓDIGO DE ÁREA GEOGRÁFICA | |
| Código de área geográfica | s-ck--- |
| 082 04 - NÚMERO DE LA CLASIFICACIÓN DECIMAL DEWEY | |
| Número de clasificación | 346.5 |
| Número de ítem | R741 |
| 100 ## - ENTRADA PRINCIPAL--NOMBRE DE PERSONA | |
| Nombre de persona | Rojas Salgado, Manuel de Jesús |
| 9 (RLIN) | 1579 |
| 245 10 - MENCIÓN DEL TÍTULO | |
| Título | Responsabilidad civil médica: |
| Resto del título | la valoración de la prueba, la casualidad en el acto médica / |
| Mención de responsabilidad, etc. | Manuel de Jesús Rojas Salgado |
| 250 ## - MENCION DE EDICION | |
| Mención de edición | 2a. ed. |
| 260 ## - PUBLICACIÓN, DISTRIBUCIÓN, ETC. | |
| Lugar de publicación, distribución, etc. | Bogotá: |
| Nombre del editor, distribuidor, etc. | Librería Juridica Sánchez R., |
| Fecha de publicación, distribución, etc. | 2014. |
| 300 ## - DESCRIPCIÓN FÍSICA | |
| Extensión | 266 p.; |
| Dimensiones | 24 cm. |
| 504 ## - NOTA DE BIBLIOGRAFÍA, ETC. | |
| Nota de bibliografía, etc. Nota | Incluye bibliografía. |
| 546 ## - NOTA DE IDIOMA | |
| Nota de lengua/lenguaje | Español. |
| 650 #4 - PUNTO DE ACCESO ADICIONAL DE MATERIA--TÉRMINO DE MATERIA | |
| Término de materia o nombre geográfico como elemento de entrada | Medicina |
| Subdivisión general | Legislación |
| Subdivisión geográfica | Colombia. |
| 650 #4 - PUNTO DE ACCESO ADICIONAL DE MATERIA--TÉRMINO DE MATERIA | |
| Subdivisión general | Prática médica. |
| Subdivisión de forma | Legislación. |
| 650 #4 - PUNTO DE ACCESO ADICIONAL DE MATERIA--TÉRMINO DE MATERIA | |
| Subdivisión general | Ética médica. |
| 650 #4 - PUNTO DE ACCESO ADICIONAL DE MATERIA--TÉRMINO DE MATERIA | |
| Subdivisión general | Responsabilidad médica |
| 650 #4 - PUNTO DE ACCESO ADICIONAL DE MATERIA--TÉRMINO DE MATERIA | |
| Término de materia o nombre geográfico como elemento de entrada | Servicios de salud |
| Subdivisión general | Legislación |
| Subdivisión geográfica | Colombia. |
| 942 ## - ELEMENTOS DE ENTRADA SECUNDARIOS (KOHA) | |
| Fuente del sistema de clasificación o colocación | Clasificación Decimal Dewey |
| Tipo de ítem Koha | Libros |
| Estatus retirado | Estado de pérdida | Fuente del sistema de clasificación o colocación | Estado de daño | No para préstamo | Biblioteca de origen | Biblioteca actual | Fecha de adquisición | Fuente de adquisición | Coste, precio normal de compra | Signatura topográfica completa | Código de barras | Visto por última vez | Copia número | Precio de reemplazo | Tipo de ítem Koha | Total de préstamos | Fecha del último préstamo |
|---|---|---|---|---|---|---|---|---|---|---|---|---|---|---|---|---|---|
| Clasificación Decimal Dewey | U DE COLOMBIA - Biblioteca | U DE COLOMBIA - Biblioteca | 22/02/2019 | Donación | 20.00 | 346.5 R741 Ej. 1 | 004333 | 22/02/2019 | 1 | 22/02/2019 | Libros | ||||||
| Clasificación Decimal Dewey | U DE COLOMBIA - Biblioteca | U DE COLOMBIA - Biblioteca | 22/02/2019 | Donación | 20.00 | 346.5 R741 Ej.2 | 004331 | 22/02/2019 | 2 | 22/02/2019 | Libros | ||||||
| Clasificación Decimal Dewey | U DE COLOMBIA - Biblioteca | U DE COLOMBIA - Biblioteca | 22/02/2019 | Donación | 20.00 | 346.5 R741 Ej.3 | 004332 | 06/06/2022 | 3 | 22/02/2019 | Libros | 1 | 27/11/2021 |
